| 000 | 00549nam a2200205 a 4500 | ||
|---|---|---|---|
| 001 | 13488 | ||
| 003 | CO-ViMGA | ||
| 008 | 141112s2004 ck r 000 u spa d | ||
| 020 | _a0830632824 | ||
| 040 |
_aCO-ViMGA _bspa _cCO-ViMGA |
||
| 082 | 0 | 4 | _a531 W883e |
| 100 | 1 |
_aWood, Robert W. _919657 |
|
| 245 | 1 | 0 | _a49 experimentos sencillos de mecánica |
| 260 |
_aSantafé de Bogotá : _bMcgraw - Hill, _c1999 |
||
| 300 | _a74P. ils | ||
| 490 | _aFisica para niños | ||
| 650 | 1 | 4 |
_aFISICA - EXPERIMENTOS _94572 |
| 650 | 1 | 4 | _aMECANICA |
| 942 |
_2ddc _cBK |
||
| 999 |
_c24215 _d24215 |
||